00680nam a22002052 450000100060000000300080000600500170001400800410003103500190007204000270009104100080011808200250012610000220015124501330017326000490030630000350035550000200039065000180041070000460042816905BD-RjUL20211209000050.0140215s1958 nyu 001 0 eng d a(BD-RjUL)16961 aUKMcUKMdBD-RjULbeng aeng04a667.12218bMAD 19581 aMartin, Albert R.10aDrycleaning technology and theory :ba report of the National Institute of Drycleaning /cAlbert R. Martin and George P. Fulton. bInterscience Publishers,cc1958.aNew York : aviii, 269 p. :bill. ;c24 cm. aIncludes index. 0aDry cleaning.1 aFulton, George P.q(George Power),d1910-